| 000 | 00568nam a22002177a 4500 | ||
|---|---|---|---|
| 005 | 20170124110111.0 | ||
| 010 | _a690309 | ||
| 020 |
_c00.00 _a0297994026 |
||
| 035 | _a690309 | ||
| 037 | _bCen Lib/Ret | ||
| 040 |
_aDPL _bEN |
||
| 082 |
_aN _bCON |
||
| 100 |
_aCondon, Richard _928163 |
||
| 245 |
_aThe virtical smile / _cby Richard Condon |
||
| 260 |
_bWeidenfeld and Nicolson _c1971 _aLondon |
||
| 270 |
_bLondon _a5 winsley street |
||
| 300 |
_a334p. _c19cm(Hb) |
||
| 650 |
_aliterature _96262 |
||
| 650 |
_aNovels _913976 |
||
| 942 |
_2ddc _cEN _hN _mCON |
||
| 999 |
_c130432 _d130432 |
||